LEADER 01043nam a2200229 4500 001 000000357091 003 CaOOAMICUS 005 20240208103924.0 008 240207s1991 it 000 u ita r 040 $aSeMil$bita 100 1 $aD'Alessandro, Angelo,$d<1926-2011>.$0(OLS)http://semarc/name/119116 245 12$aL'unità della Chiesa :$bnell'epistolario di Basilio di Cesarea /$cAngelo D'Alessandro. 264 1$aRoma :$bVivere In,$cstampa 1991. 300 $aXI, 83 p. ;$c25 cm 650 4$aBasilio : di Cesarea - Lettere e carteggi.$0(OLS)http://semarc/subject/55047 650 4$aChiesa - Unità - Origini.$0(OLS)http://semarc/subject/55048 850 $aSeMil 852 $aSeMil$W1$xVenegono$y1$m2U V 194$j245971$B248271$CSeMilBibl$Z2$F248271 $81 961 $aCitrini don Tullio - Omaggio 996 $6245$aL'unità della Chiesa :$bnell'epistolario di Basilio di Cesarea$9(OLS)http://semarc/title/447337 996 $6264$aRoma :$bVivere In$9(OLS)http://semarc/publisher/30924 LEADER 00988nam a2200265 i 4500 001 000000109436 003 CaOOAMICUS 005 20180321000000.0 008 180321s1976 it u000 u ita u 013 $a82116 040 $aSeMil$bita 100 1 $aBaroni, Augusto <1897-1967>.$0(OLS)http://semarc/name/35915 245 10$aSergio Hessen /$cAugusto Baroni. 250 $a4. ed. 260 $aBrescia :$bLa Scuola,$c1976 (copyr. 1959) 300 $a213 p. ;$c19 cm. 490 0 $aPedagogisti ed educatori ;$v11 500 $aContiene : bibliografia. 650 4$aHessen, Sergio.$0(OLS)http://semarc/subject/19372 830 0$aPedagogisti ed educatori ;$v11.$0(OLS)http://semarc/title/10363 850 $aSeMil 852 $aSeMil$W1$xVenegono$y1$m2Q II 500$j65425$B65425$CSeMilBibl$Z2$F72834 $81 961 $aRecupero: Seminario di Seveso 996 $6245$aSergio Hessen$9(OLS)http://semarc/title/158882 996 $6260$aBrescia :$bLa Scuola$9(OLS)http://semarc/publisher/29831